| 000 | 01043nas a2200337 4500 | ||
|---|---|---|---|
| 001 | BR0401203 | ||
| 003 | BR-BrBNA | ||
| 005 | 20231205104416.0 | ||
| 007 | ta | ||
| 008 | 230509b bl.|||p| |||| 00| 00por d | ||
| 040 |
_aBR-BrBNA _bpor _cBiblioteca Nacional de Agricultura |
||
| 041 | _a(Pt) | ||
| 072 | _aH20; U40 | ||
| 100 | 1 | _aMarchiorato, I.A. | |
| 100 | 1 | _aSantos, J.M. dos | |
| 100 | 1 | _aRudorff, B.T.F. | |
| 100 | 1 | _aSantos Júnior, R.F. dos | |
| 245 | 1 | _aMedidas de espectrorradiometria de campo para detecção de Meloidogyne incognita em lavoura de algodão | |
| 650 | _aALGODÃO | ||
| 650 | _aMELOIDOGYNE INCOGNITA | ||
| 650 | _aMELOIDOGINOSE | ||
| 650 | _aNEMATÓIDE | ||
| 650 | _aESPECTROMETRIA | ||
| 650 | _aRADIAÇÃO | ||
| 650 | _aANÁLISE ESTATÍSTICA | ||
| 650 | _aRAIO INFRAVERMELHO | ||
| 650 | _aSENSORIAMENTO REMOTO | ||
| 773 | 0 |
_tSumma Phytopathologica (Brazil) _xISSN 0100-5405 _g(Jul-Sep 2002), v. 28(3) p. 248-252 _wBR0401203 |
|
| 909 |
_a202311 _bLúcia _c55 _dLúcia Elande |
||
| 942 |
_2AGRIS _n0 _cANA |
||
| 999 |
_c177989 _d177989 |
||